| 000 | 00503nam a2200181Ia 4500 | ||
|---|---|---|---|
| 001 | 17308 | ||
| 005 | 20260306171508.0 | ||
| 008 | 260306s9999||||xx |||||||||||||| ||und|| | ||
| 041 | _aESP | ||
| 082 |
_a657.61 _bN37 |
||
| 100 |
_aZapata L., Jorge E. _eAUT |
||
| 245 | 0 | _aAnálisis práctico y guia de implementación de Normas Internacionales de Información Financiera - NIIF | |
| 260 | _c2014 | ||
| 300 |
_a289 páginas : _c24 cm. |
||
| 650 | _aGEN | ||
| 654 | _aCCO | ||
| 942 |
_cLIB _dJUS _fJUS _2ddc _n |
||
| 999 |
_c17308 _d17308 |
||